Geese - Cobra - Statistics

General Stats
  • This quiz has been taken 12 times
  • The average score is 132 of 163
Answer Stats
Answers % Correct
a
100%
dance
100%
me
100%
me,
100%
my
100%
you
100%
You
100%
Baby,
90%
be
90%
But
90%
cobra
90%
hand
90%
let
90%
Let
90%
on
90%
should
90%
again
80%
ashamed
80%
away
80%
back
80%
can
80%
daughter
80%
forever
80%
in
80%
not
80%
only
80%
shame's
80%
the
80%
yeah
80%
and
70%
ever,
70%
ever
70%
it
70%
make
70%
own,
70%
own
70%
your
70%
calling
60%
Calling
60%
cobras
60%
get
60%
got
60%
he's
60%
his
60%
There's
60%
Whatever
60%
at
50%
feet
50%
house
50%
stay
50%
wash
50%
She's
40%
see
30%
you'll
30%
No matching quizzes found
Score Distribution
Percent of People with Each Score
Percentile by Number Answered
Your Score History
You have not taken this quiz